banner-ar

ادارة الوقت / (Record no. 7206)

MARC details
000 -الفاتح
حقل البيانات ثابتة الطول 00795nam a2200253Ia 4500
008 - عناصر البيانات ثابتة الطول - معلومات عامة
حقل البيانات ثابتة الطول 140319s9999 xx 000 0 ara d
020 ## - الرقم الدولى المعيارى للكتب
الرقم الدولى المعيارى للكتاب 620345977
040 ## - مصدر الفهرسة
وكالة الفهرسة الأصلية GCL /
وكالة النسخ GCL
082 04 - رقم تصنيف ديوى العشرى
رقم التصنيف 658.5421
رقم المادة ا ا
100 1# - المدخل الرئيسى - إسم شخصى
الإسم الشخصى الين ، م . ر
245 10 - بيان العنوان
العنوان ادارة الوقت /
بيان المسئوليه,etc الين ، م . ر
250 ## - بيان الطبعة
بيان الطبعة الاولى
260 ## - PUBLICATION, DISTRIBUTION, ETC. (IMPRINT)
تاريخ النشر أو التوزيع 2004
300 ## - الوصف المادى
التعداد 204 ص ؛
أبعاد الوعاء 19 سم
490 ## - بيان السلسلة
عنوان السلسلة ما قل ودل
رقم المجلد/ التعيين التسلسلي 0
650 04 - المدخل الاضافى بالموضوع-مصطلح موضوعى
مصطلح موضوعي ادارة الانتاج
650 04 - المدخل الاضافى بالموضوع-مصطلح موضوعى
مصطلح موضوعي الرؤساء والمديرون
650 04 - المدخل الاضافى بالموضوع-مصطلح موضوعى
مصطلح موضوعي الاداء القياسى
650 04 - المدخل الاضافى بالموضوع-مصطلح موضوعى
مصطلح موضوعي تخطيط الانتاج
650 04 - المدخل الاضافى بالموضوع-مصطلح موضوعى
مصطلح موضوعي دراسة الوقت والحركة
650 04 - المدخل الاضافى بالموضوع-مصطلح موضوعى
مصطلح موضوعي ادارة الوقت
942 ## - عناصر المدخل الإضافي( كوها)
مصدر التصنيف او مخطط الترفيف Dewey Decimal Classification
Koha [default] item type كتاب
260 ## - PUBLICATION, DISTRIBUTION, ETC. (IMPRINT)
-- القاهرة :
-- دار الفاروق للنشر والتوزيع ،
Holdings
حالة التراجع حالة الفقد حالة تلف ليس للاعارة المكان المؤقت الموقع الحالى تاريخ الاكتساب اجمالي اﻻعارات رقم الطلب الباركود تاريخ اخر مشاهدة تاريخ تفعيل السعر نوع وعاء كوها
        مكتبة القاهرة الكبرى مكتبة القاهرة الكبرى 03/26/2014   658.5421\ا ا 14951 03/26/2014 03/26/2014 كتاب

Powered By

EGPV